Score 0/24 Timer 02:00
0 Plays Today
Heading Answer % Correct
TIDEHide
93%
TIDEBride
91.7%
TIDEWide
91.6%
PODTodd
90.3%
EELFeel
88.1%
EELSteel
87.4%
EYEPi
86.5%
TIDEI'd
85.6%
EYEBy
84.6%
EYEDie
84.5%
TIDESide
83.9%
EELReal
83.4%
Heading Answer % Correct
EYEHigh
82.2%
EELSteal
76.7%
EYESpy
71.1%
EELWheel
70.8%
TIDERide
69%
PODMod
67.2%
PODRod
65.3%
PODGod
63.5%
PODOdd
60.4%
EELSeal
51.1%
EYECry
50.9%
PODSquad
50.9%

Today's Daily Dose

Remove Ads.
Support Sporcle.
Get the best of Sporcle when you Go Orange. This ad-free experience offers more features, more stats, and more fun while also helping to support Sporcle. Thank you for becoming a member.

You're not logged in!

Compare scores with friends on all Sporcle quizzes.
OR
Log In

Show Comments

Extras

Top Quizzes Today


Score Distribution

Your Account Isn't Verified!

In order to create a playlist on Sporcle, you need to verify the email address you used during registration. Go to your Sporcle Settings to finish the process.

Report this User

Report this user for behavior that violates our Community Guidelines.

Details: